[Event "Flint (Class DE/5)"]
[Site "?"]
[Date "1993.??.??"]
[Round "?"]
[White "Bensek, A."]
[Black "Harrison, T."]
[Result "1/2-1/2"]
[WhiteElo "1605"]
[BlackElo "1605"]
[PlyCount "55"]
[EventDate "1993.??.??"]

1. c4 e5 2. Nc3 Nf6 3. g3 d5 4. cxd5 Nxd5 5. Bg2 Nxc3 6. bxc3 Bc5 7. e3 O-O 8.
Ne2 Nd7 9. O-O Rb8 10. d4 Bd6 11. Rb1 b6 12. Re1 Bb7 13. d5 Nf6 14. c4 Qd7 15.
Nc3 a6 16. e4 Bc5 17. Be3 Bxe3 18. Rxe3 Qg4 19. Rd3 Qxd1+ 20. Rbxd1 Rbd8 21. a4
Ne8 22. Rf1 Nd6 23. f4 Nxc4 24. fxe5 Nxe5 25. Rd2 Nc4 26. Re2 Rfe8 27. Rf4 Ne5
28. Bh3 1/2-1/2

[Event "East Lansing (MOR/4/24)"]
[Site "?"]
[Date "1993.??.??"]
[Round "?"]
[White "Benjamin, H."]
[Black "Smeltzer, P."]
[Result "1-0"]
[WhiteElo "1670"]
[BlackElo "1605"]
[PlyCount "125"]
[EventDate "1993.??.??"]

{4/(24)} 1. d4 c5 2. d5 b5 3. e4 Qb6 4. c4 a6 5. b3 d6 6. Nc3 bxc4 7. bxc4 Nd7
8. Nf3 g6 9. Rb1 Qd8 10. Bd3 Bg7 11. Qc2 Nh6 12. h3 f6 13. Bd2 Nf7 14. a4 O-O
15. Qa2 Nde5 16. Nxe5 Nxe5 17. Be2 f5 18. exf5 Bxf5 19. Rb3 Bd3 20. Bxd3 Nxd3+
21. Ke2 Nb4 22. Qb1 Bd4 23. Ne4 Qd7 24. Bxb4 cxb4 25. Rxb4 Qf5 26. f3 Qf4 27.
Qd3 Bc5 28. Rb7 Rf7 29. g3 Qf5 30. h4 Raf8 31. Ng5 Qe5+ 32. Kd1 Rf6 33. f4 Qa1+
34. Rb1 Qxa4+ 35. Qb3 Qxb3+ 36. Rxb3 Rc8 37. Ne6 Bf2 38. Rh2 Bc5 39. Ra2 Bg1
40. Ra4 h6 41. Ke2 g5 42. hxg5 hxg5 43. Nxg5 Rg6 44. Rb7 Rg7 45. Kf3 Bd4 46.
Rxa6 Bf6 47. Rc6 Ra8 48. Kg4 Bxg5 49. fxg5 Kh7 50. Rcc7 Re8 51. Rb1 Kg8 52. Re1
Kf8 53. Re6 Kg8 54. g6 Kf8 55. Kg5 Kg8 56. Re1 Kf8 57. Rf1+ Kg8 58. Rf2 Kh8 59.
Rf7 Kg8 60. Rxg7+ Kxg7 61. g4 Kf8 62. Kh6 e5 63. Kh7 1-0

[Event "East Lansing (MOR/2/18)"]
[Site "?"]
[Date "1993.??.??"]
[Round "?"]
[White "Benjamin, H."]
[Black "Kane, Paul"]
[Result "1/2-1/2"]
[WhiteElo "1670"]
[BlackElo "1605"]
[PlyCount "148"]
[EventDate "1993.??.??"]

{2/(18)} 1. d4 d5 2. c4 c6 3. Nf3 Nf6 4. c5 b6 5. b4 bxc5 6. bxc5 Ba6 7. Qa4
Qc7 8. Nc3 e6 9. Bg5 Be7 10. Bh4 O-O 11. Bg3 Qc8 12. Rb1 Ne4 13. Nxe4 dxe4 14.
Nd2 Bb5 15. Qc2 Qa6 16. Nxe4 Bd8 17. Bf4 Nd7 18. Nd6 Ba4 19. Qc1 Ba5+ 20. Bd2
Rab8 21. Ra1 Nf6 22. e3 Bb5 23. Bxb5 cxb5 24. Bxa5 Qxa5+ 25. Qd2 b4 26. O-O Qa4
27. h3 a5 28. Qd3 Nd5 29. Qb3 Qc6 30. Qd3 Nc3 31. Nc4 Qb5 32. Ne5 Qb7 33. a3
Ra8 34. axb4 axb4 35. Qc4 Rxa1 36. Rxa1 Rb8 37. Nd3 g6 38. f3 Kg7 39. Kf2 h6
40. Qb3 Kf6 41. Ne5 Qb5 42. Qc4 h5 43. Qxb5 Rxb5 44. Nc4 b3 45. Nb2 Na2 46. Ke1
e5 47. Kd2 exd4 48. exd4 Ke6 49. Kd3 Rb4 50. Re1+ Kd7 51. Re5 Rb7 52. Rd5+ Kc6
53. Rd6+ Kb5 54. c6 Nb4+ 55. Kc3 Nxc6 56. Rd5+ Ka6 57. Rc5 Ne7 58. d5 Rb5 59.
Kc4 Rxc5+ 60. Kxc5 Kb7 61. Kd6 Nc8+ 62. Kd7 Nb6+ 63. Ke7 Nxd5+ 64. Kxf7 Nf4 65.
g3 Nxh3 66. Kxg6 Kc6 67. Kxh5 Kd5 68. Kg6 Ke5 69. Na4 Nf4+ 70. Kg5 Ne6+ 71. Kg4
Kd4 72. f4 Nc5 73. Nb2 Nd3 74. Na4 Nc5 1/2-1/2

[Event "East Lansing (MOR/7/5)"]
[Site "?"]
[Date "1993.??.??"]
[Round "?"]
[White "Benjamin, H."]
[Black "Jointer, William"]
[Result "1-0"]
[WhiteElo "1670"]
[BlackElo "1715"]
[PlyCount "65"]
[EventDate "1993.??.??"]

{7/(5)} 1. d4 g6 2. c4 Bg7 3. Nf3 d6 4. Nc3 Nf6 5. e4 O-O 6. h3 a6 7. Be3 c6 8.
Qc2 b5 9. c5 b4 10. Na4 Nbd7 11. Rd1 Qa5 12. b3 Qc7 13. Bd3 e5 14. dxe5 dxe5
15. O-O a5 16. Bc4 Nh5 17. Rd2 Nf4 18. Rfd1 Ne6 19. Bxe6 fxe6 20. Ng5 Rf6 21.
Nb6 Nxb6 22. cxb6 Qb7 23. Qc5 h6 24. Rd8+ Bf8 25. Qxe5 Qg7 26. b7 Bxb7 27. R8d7
Be7 28. Nxe6 Rxe6 29. Qxe6+ Kh8 30. Bd4 Qxd4 31. R1xd4 Rg8 32. Rxe7 Bc8 33.
Qf6+ 1-0

[Event "East Lansing (MOR/5/16)"]
[Site "?"]
[Date "1993.??.??"]
[Round "?"]
[White "Benjamin, H."]
[Black "Carpenter, George"]
[Result "1-0"]
[WhiteElo "1670"]
[BlackElo "1605"]
[PlyCount "47"]
[EventDate "1993.??.??"]

{5/(16)} 1. d4 d5 2. c4 e6 3. c5 Nf6 4. Nf3 b6 5. b4 Bb7 6. h3 Be7 7. Bf4 O-O
8. e3 c6 9. Bd3 Nbd7 10. Nc3 a5 11. a3 axb4 12. axb4 bxc5 13. bxc5 Ra5 14. O-O
Rxa1 15. Qxa1 Qa8 16. Qb2 Qc8 17. Ra1 e5 18. Nxe5 Nxe5 19. Bxe5 Ne4 20. Nxe4
dxe4 21. Bxe4 f6 22. Bg3 g5 23. Ra7 f5 24. Qxb7 1-0

[Event "Ann Arbor (HVA/3/6)"]
[Site "?"]
[Date "1993.??.??"]
[Round "?"]
[White "Bemben, R."]
[Black "McCarter, Robert"]
[Result "1-0"]
[WhiteElo "1860"]
[BlackElo "1725"]
[PlyCount "68"]
[EventDate "1993.??.??"]

{3/(6)} 1. c4 c5 2. Nf3 Nf6 3. d4 cxd4 4. Nxd4 e6 5. Nc3 a6 6. e4 d6 7. Be2 Nc6
8. O-O Qc7 9. Nc2 Be7 10. Be3 Ne5 11. b3 b5 12. f4 Ned7 13. Qd4 bxc4 14. b4 O-O
15. f5 Ne5 16. h3 Bb7 17. Bg5 Qc6 18. Ne3 Rac8 19. Rad1 Rfe8 20. fxe6 fxe6 21.
Bxf6 gxf6 22. Bh5 Rf8 23. Ng4 Nxg4 24. Bxg4 f5 25. Bf3 Qe8 26. exf5 Bxf3 27.
Rxf3 Bf6 28. Qxd6 Bxc3 29. Rxc3 Rxf5 30. Rg3+ Kf7 31. Qd4 e5 32. Qd5+ Qe6 33.
Qb7+ Kf8 34. Rd7 Qh6 1-0

[Event "Ann Arbor (HVA/5/4)"]
[Site "?"]
[Date "1993.??.??"]
[Round "?"]
[White "Bemben, R."]
[Black "Gregory, Kevin"]
[Result "1-0"]
[WhiteElo "1860"]
[BlackElo "1815"]
[PlyCount "79"]
[EventDate "1993.??.??"]

{5/(4)} 1. c4 e6 2. Nc3 d5 3. e3 c6 4. Nf3 f5 5. b3 Nf6 6. Bb2 Bd6 7. Be2 Nbd7
8. Ng5 Qe7 9. h4 Nc5 10. cxd5 exd5 11. d3 Bd7 12. Qd2 h6 13. Nh3 g5 14. hxg5
hxg5 15. O-O-O g4 16. Nf4 Rxh1 17. Rxh1 O-O-O 18. g3 Nh7 19. Bf1 Ng5 20. Bg2
Nce6 21. Nce2 Bb4 22. Qc2 Ba3 23. Nxd5 Bxb2+ 24. Kxb2 Qg7+ 25. Qc3 Qxc3+ 26.
Ndxc3 Nc5 27. Kc2 Rg8 28. b4 Nce6 29. d4 Nc7 30. Nf4 Kd8 31. b5 Ke8 32. bxc6
bxc6 33. Rb1 Nb5 34. Nxb5 cxb5 35. Rh1 Ke7 36. Rh6 a5 37. Ng6+ Kd8 38. Ne5 Be8
39. Rf6 Rh8 40. Rxf5 1-0

[Event "Ann Arbor (HVA/1/7)"]
[Site "?"]
[Date "1993.??.??"]
[Round "?"]
[White "Bemben, R."]
[Black "Brotherton, D."]
[Result "1/2-1/2"]
[WhiteElo "1860"]
[BlackElo "1605"]
[PlyCount "32"]
[EventDate "1993.??.??"]

{1/(7)} 1. c4 e6 2. Nc3 Nf6 3. e4 d5 4. cxd5 exd5 5. e5 d4 6. exf6 dxc3 7. Qe2+
Be6 8. dxc3 Qxf6 9. g3 Be7 10. Bg2 Nc6 11. Bf4 O-O-O 12. Bxc6 bxc6 13. Qa6+ Kb8
14. Be3 c5 15. Qb5+ Kc8 16. Qa6+ Kb8 1/2-1/2

[Event "Flint (Class C/2)"]
[Site "?"]
[Date "1993.??.??"]
[Round "?"]
[White "Belill, Mike"]
[Black "Stockton, T."]
[Result "1/2-1/2"]
[WhiteElo "1605"]
[BlackElo "1605"]
[PlyCount "62"]
[EventDate "1993.??.??"]

1. e4 e5 2. Nf3 Nc6 3. Bb5 a6 4. Ba4 d6 5. O-O Bg4 6. h3 h5 7. c3 Qf6 8. d3
Nge7 9. Bg5 Bxf3 10. Bxf6 Bxd1 11. Bxe7 Bxe7 12. Rxd1 O-O-O 13. Bb3 Rdf8 14.
Nd2 g5 15. g3 Nd8 16. Nc4 Ne6 17. Ne3 Nc5 18. Bc2 Rfg8 19. Nf5 Bd8 20. b4 Ne6
21. a4 h4 22. g4 Nf4 23. Kh2 Bf6 24. Rd2 Rd8 25. Bb3 Rd7 26. a5 d5 27. Rad1
Rhd8 28. Ba4 c6 29. f3 dxe4 30. fxe4 Rxd3 31. Rxd3 Nxd3 1/2-1/2

[Event "Flint (Class C/4)"]
[Site "?"]
[Date "1993.??.??"]
[Round "?"]
[White "Belill, Mike"]
[Black "Raupp, Helene"]
[Result "0-1"]
[WhiteElo "1605"]
[BlackElo "1605"]
[PlyCount "80"]
[EventDate "1993.??.??"]

1. e4 e6 2. d4 d5 3. Bd3 c5 4. exd5 exd5 5. Bb5+ Nc6 6. h3 Qb6 7. Qe2+ Be6 8.
Nc3 O-O-O 9. Na4 Qc7 10. Nf3 c4 11. Bxc6 Qxc6 12. Nc3 Bb4 13. O-O Ne7 14. a4 a6
15. Ne5 Qc7 16. Bd2 f6 17. Nxc4 Bxh3 18. Ne3 Be6 19. Rfe1 Bxc3 20. bxc3 Bf7 21.
Reb1 Rd6 22. a5 Bg6 23. Rb2 Rd7 24. Ra4 Re8 25. Qd1 Bf7 26. Qb1 Nc6 27. Rb6 Re4
28. g3 h5 29. Ng2 g5 30. Ra3 Be6 31. Rab3 Nxa5 32. R3b4 Bh3 33. Ne3 h4 34. Nxd5
Rxd5 35. Rxf6 hxg3 36. Rf8+ Rd8 37. Rxd8+ Kxd8 38. Bxg5+ Kc8 39. Qc1 gxf2+ 40.
Kxf2 Qh2+ 0-1

[Event "Flint (Class C/5)"]
[Site "?"]
[Date "1993.??.??"]
[Round "?"]
[White "Belill, Mike"]
[Black "Hooks, Jerry"]
[Result "1-0"]
[WhiteElo "1605"]
[BlackElo "1605"]
[PlyCount "95"]
[EventDate "1993.??.??"]

1. e4 Nf6 2. e5 Nd5 3. c4 Nb6 4. d4 d6 5. f4 dxe5 6. fxe5 Nc6 7. Be3 Bf5 8. Nf3
Qd7 9. Nc3 Bg4 10. Be2 e6 11. O-O O-O-O 12. Ng5 Bxe2 13. Nxe2 Re8 14. Nxf7 Rg8
15. Ng3 h6 16. Qf3 Nxc4 17. Rab1 Nxe3 18. Qxe3 Qxd4 19. Qxd4 Nxd4 20. Rbc1 b6
21. Nd6+ Bxd6 22. exd6 c5 23. Rf7 Rd8 24. Rxa7 Nc6 25. Rc7+ Kb8 26. Rxc6 Kb7
27. Rc7+ Ka6 28. Rd1 g6 29. Rf7 Rgf8 30. Rxf8 Rxf8 31. d7 Rd8 32. Ne4 Kb7 33.
Nd6+ Kc7 34. Nf7 Rxd7 35. Rxd7+ Kxd7 36. Ne5+ Kd6 37. Nxg6 b5 38. Nf4 e5 39.
Ne2 Kd5 40. Nc3+ Kc4 41. Kf2 b4 42. Nd1 Kd3 43. Kf3 e4+ 44. Kf2 c4 45. g4 c3
46. bxc3 bxc3 47. Nxc3 Kxc3 48. Ke3 1-0

[Event "Flint (Beg/4)"]
[Site "?"]
[Date "1993.??.??"]
[Round "?"]
[White "Belill, Matt"]
[Black "McNamara, Ron"]
[Result "1-0"]
[WhiteElo "1605"]
[BlackElo "1605"]
[PlyCount "73"]
[EventDate "1993.??.??"]

1. e4 e5 2. Nf3 Nc6 3. Bb5 Nf6 4. d3 Bc5 5. Bg5 h6 6. Bh4 O-O 7. O-O Nd4 8.
Nxd4 a6 9. Ba4 Bxd4 10. c3 Ba7 11. Re1 b5 12. Bb3 Bb7 13. d4 d6 14. d5 c6 15.
c4 Bd4 16. Nc3 b4 17. Ne2 Bxb2 18. Rb1 Ba3 19. Ng3 g5 20. Nf5 gxh4 21. Nxh6+
Kg7 22. Qd2 Rh8 23. Qg5+ Kf8 24. Re3 Ke8 25. Rf3 Nxe4 26. Qg7 Kd7 27. Rxf7+ Kc8
28. Bd1 Nc5 29. Nf5 Rg8 30. Ne7+ Qxe7 31. Qxg8+ Qd8 32. Rf8 Kc7 33. Rxd8 Rxd8
34. Qh7+ Rd7 35. Qxh4 Bc8 36. Bg4 Re7 37. Qxe7+ 1-0

[Event "Flint (Beg/2)"]
[Site "?"]
[Date "1993.??.??"]
[Round "?"]
[White "Belill, Matt"]
[Black "Kenworthy, Matt"]
[Result "1-0"]
[WhiteElo "1605"]
[BlackElo "1605"]
[PlyCount "29"]
[EventDate "1993.??.??"]

1. e4 e5 2. Nf3 Nc6 3. Bb5 Nd4 4. Nxd4 exd4 5. O-O Nf6 6. Re1 a6 7. Ba4 b5 8.
Bb3 Bb7 9. d3 Bc5 10. Bg5 h6 11. Bh4 O-O 12. e5 g5 13. exf6 gxh4 14. Qg4+ Kh8
15. Qg7# 1-0

[Event "Troy (TCC/X/2/1)"]
[Site "?"]
[Date "1993.??.??"]
[Round "?"]
[White "Beider, Andrew"]
[Black "Finegold, Gina"]
[Result "0-1"]
[WhiteElo "2155"]
[BlackElo "2025"]
[PlyCount "74"]
[EventDate "1993.??.??"]

{2/(1)} 1. Nf3 d5 2. d4 Nf6 3. g3 g6 4. Bg2 Bg7 5. O-O O-O 6. c3 c5 7. Bg5 h6
8. Bxf6 Bxf6 9. dxc5 a5 10. Ne1 e6 11. Nd3 Na6 12. Qd2 Kg7 13. Na3 Qe7 14. Qe3
Rd8 15. Nb5 Bd7 16. Nd4 e5 17. Nb3 a4 18. Nd2 Bc6 19. b4 e4 20. Nf4 d4 21. cxd4
Bxd4 22. Qa3 Bxa1 23. Rxa1 Rxd2 24. Rb1 Rad8 25. b5 Rd1+ 26. Rxd1 Rxd1+ 27. Bf1
Bxb5 28. Qb2+ Qf6 29. Qxb5 Qa1 30. e3 Nxc5 31. Kg2 Qc3 32. Bc4 Nd3 33. Ne2 Qe1
34. Kh3 Qf1+ 35. Kh4 g5+ 36. Kg4 h5+ 37. Kxh5 Qh3+ 0-1

[Event "Troy (TCC/X/4/5)"]
[Site "?"]
[Date "1993.??.??"]
[Round "?"]
[White "Beider, Andrew"]
[Black "Dangremond, Leonard"]
[Result "0-1"]
[WhiteElo "2155"]
[BlackElo "2025"]
[PlyCount "94"]
[EventDate "1993.??.??"]

{4/(5)} 1. d4 Nf6 2. c4 g6 3. Nc3 Bg7 4. e4 O-O 5. e5 Ne8 6. f4 d6 7. Nf3 dxe5
8. fxe5 f6 9. Bf4 fxe5 10. Bxe5 Bg4 11. Bxg7 Bxf3 12. gxf3 Nxg7 13. Qd3 Nc6 14.
O-O-O Qd6 15. Be2 Nf5 16. d5 Qf4+ 17. Kb1 Ne5 18. Qe4 Ne3 19. Rd4 Qf5 20. f4
N5g4 21. Bxg4 Nxg4 22. Qxf5 Rxf5 23. h3 Nf6 24. Re1 Kf8 25. Re5 a6 26. Rxf5
gxf5 27. Nd1 Kf7 28. Nc3 e6 29. dxe6+ Kxe6 30. Nd5 Nxd5 31. Rxd5 Rg8 32. Kc2 h5
33. Re5+ Kf6 34. Re3 Rg2+ 35. Kc3 Rf2 36. Kd4 Rxb2 37. Rb3 Rxb3 38. axb3 Ke6
39. Kc5 h4 40. b4 b6+ 41. Kc6 a5 42. bxa5 bxa5 43. Kb5 Kd6 44. c5+ Kd5 45. c6
Kd6 46. Kxa5 Kxc6 47. Kb4 Kd5 0-1

[Event "Eastpointe (MI Action/2/3)"]
[Site "?"]
[Date "1993.??.??"]
[Round "?"]
[White "Bee, A."]
[Black "Thompson, Dexter"]
[Result "0-1"]
[WhiteElo "1830"]
[BlackElo "2235"]
[PlyCount "90"]
[EventDate "1993.??.??"]

{2/(3)} 1. d4 d5 2. Nf3 c6 3. e3 Bf5 4. Bd3 Bxd3 5. Qxd3 Nf6 6. Nbd2 e6 7. e4
dxe4 8. Nxe4 Nbd7 9. O-O Be7 10. Bf4 O-O 11. Rad1 Nd5 12. Bc1 Qc7 13. c4 Nf4
14. Qd2 Ng6 15. Nfg5 h6 16. Nf3 Rad8 17. Qc3 f5 18. Ng3 c5 19. d5 Bf6 20. Qc2
exd5 21. Rxd5 Ne7 22. Rdd1 Ne5 23. Nxe5 Bxe5 24. Qe2 f4 25. Ne4 f3 26. gxf3
Bxh2+ 27. Kg2 Ng6 28. Ng3 Rde8 29. Qd3 Bxg3 30. Qxg6 Bf4 31. Bxf4 Qxf4 32. Qg4
Re5 33. Qxf4 Rxf4 34. Rd5 Rxd5 35. cxd5 Rd4 36. Re1 Kf7 37. Re4 Rxd5 38. b4
cxb4 39. Rxb4 b6 40. f4 Ke6 41. Ra4 a5 42. Re4+ Kf5 43. Re7 Kxf4 44. Rxg7 Rg5+
45. Rxg5 hxg5 0-1

[Event "Lansing (MI Am/2)"]
[Site "?"]
[Date "1993.??.??"]
[Round "?"]
[White "Bee, A."]
[Black "Spencer, Gordon"]
[Result "1-0"]
[WhiteElo "1820"]
[BlackElo "1605"]
[PlyCount "119"]
[EventDate "1993.??.??"]

1. d4 Nf6 2. Nd2 g6 3. e4 d6 4. Ngf3 Bg7 5. c3 Nfd7 6. Bc4 h6 7. O-O O-O 8. Re1
e6 9. Nf1 Nc6 10. Be3 Ne7 11. Qd2 Kh7 12. h3 a6 13. N3h2 b5 14. Bd3 c5 15. f4
c4 16. Bc2 f5 17. g4 fxe4 18. Bxe4 d5 19. Bc2 Bb7 20. Nf3 Nf6 21. Ng3 Ne4 22.
Qg2 Rf7 23. Ne5 Rf8 24. Nxe4 dxe4 25. Bxe4 Bd5 26. Rf1 Qd6 27. Rae1 a5 28. h4
Bxe4 29. Qxe4 Qd5 30. Bc1 Rad8 31. Qxd5 exd5 32. Nxc4 dxc4 33. Rxe7 Kg8 34. Re6
Kf7 35. Rfe1 Rd7 36. Rb6 Rd5 37. Rb7+ Kg8 38. Kg2 b4 39. Ree7 Bh8 40. Kf3 bxc3
41. bxc3 h5 42. g5 Rdf5 43. Re6 R5f7 44. Rxg6+ Rg7 45. Rgxg7+ Bxg7 46. Ba3 Re8
47. f5 Re1 48. f6 Bxf6 49. gxf6 Rf1+ 50. Ke4 Rxf6 51. Rb5 Re6+ 52. Re5 Rh6 53.
Rxa5 Re6+ 54. Re5 Ra6 55. Bb4 Rxa2 56. Rxh5 Rg2 57. Kd5 Rh2 58. Kxc4 Kf7 59.
Bd6 Rh3 60. Be5 1-0

[Event "Eastpointe (MI Action/4/8)"]
[Site "?"]
[Date "1993.??.??"]
[Round "?"]
[White "Bee, A."]
[Black "LaMar, Frank"]
[Result "0-1"]
[WhiteElo "1830"]
[BlackElo "2000"]
[PlyCount "48"]
[EventDate "1993.??.??"]

{4/(8)} 1. d4 d5 2. Nf3 Nc6 3. c3 Nf6 4. e3 Bg4 5. h3 Bh5 6. Be2 e6 7. Nbd2 Bd6
8. O-O h6 9. Qc2 g5 10. g4 Bg6 11. Bd3 Ne4 12. Bxe4 dxe4 13. Nxe4 h5 14. Nxd6+
Qxd6 15. e4 hxg4 16. Nxg5 gxh3 17. f4 O-O-O 18. Qh2 Qe7 19. f5 exf5 20. exf5
Bh5 21. f6 Qd7 22. Bf4 Rdg8 23. Kf2 Qf5 24. Rae1 Rxg5 0-1

[Event "Lansing (MI Am/4)"]
[Site "?"]
[Date "1993.??.??"]
[Round "?"]
[White "Bee, A."]
[Black "Griffin, John"]
[Result "1-0"]
[WhiteElo "1820"]
[BlackElo "1615"]
[PlyCount "89"]
[EventDate "1993.??.??"]

1. d4 e6 2. Nf3 Nf6 3. Nbd2 d5 4. e3 Nbd7 5. Bd3 c5 6. c3 b6 7. O-O Bb7 8. Re1
Qc7 9. e4 dxe4 10. Nxe4 h6 11. Nxf6+ Nxf6 12. Ne5 Bd6 13. Bb5+ Kf8 14. Qe2 a6
15. Bd3 Bxe5 16. dxe5 Nd7 17. f4 b5 18. f5 c4 19. Be4 exf5 20. Bxf5 Qc5+ 21.
Be3 Qe7 22. Bxd7 Qxd7 23. Bc5+ Kg8 24. Rad1 Qc7 25. Qf2 g6 26. e6 fxe6 27. Rxe6
Qf7 28. Qxf7+ Kxf7 29. Re7+ Kf6 30. Rf1+ Kg5 31. Re5+ Kg4 32. h3+ Kg3 33. Bf2+
Kf4 34. Bd4+ Kg3 35. Re3+ Kh4 36. Bxh8 Rxh8 37. Rf6 Kg5 38. Ree6 Be4 39. h4+
Kxh4 40. Rxe4+ Kg5 41. Rxa6 Rd8 42. Rae6 Rd1+ 43. Kf2 Rd2+ 44. Re2 Rd5 45.
R6e5+ 1-0

[Event "Eastpointe (MI Action/6/12)"]
[Site "?"]
[Date "1993.??.??"]
[Round "?"]
[White "Bee, A."]
[Black "Collins, Charles"]
[Result "1-0"]
[WhiteElo "1830"]
[BlackElo "1700"]
[PlyCount "59"]
[EventDate "1993.??.??"]

{6/(12)} 1. d4 Nf6 2. Nf3 d6 3. e3 g6 4. Bd3 Bg7 5. O-O O-O 6. Nbd2 Nbd7 7. Re1
e5 8. c3 Re8 9. e4 c5 10. Nc4 Nb6 11. dxe5 dxe5 12. Bg5 Qc7 13. a4 Nxc4 14.
Bxc4 Be6 15. Qb3 Rad8 16. Bxf6 Bxf6 17. Rad1 Kg7 18. Bd5 Rd7 19. c4 a6 20. Rd3
h5 21. h4 Bg4 22. Qc3 Bxf3 23. Rxf3 Bxh4 24. Rh3 Qd8 25. f4 Qf6 26. g3 Bxg3 27.
Rxg3 Qxf4 28. Rf1 Qh4 29. Qf3 Rf8 30. Qg2 1-0

[Event "Trenton (Mar)"]
[Site "?"]
[Date "1993.??.??"]
[Round "?"]
[White "Bee, A."]
[Black "Beydoun, N."]
[Result "0-1"]
[WhiteElo "1835"]
[BlackElo "1970"]
[PlyCount "76"]
[EventDate "1993.??.??"]

1. d4 f5 2. c4 Nf6 3. Nf3 e6 4. e3 d5 5. Be2 Be7 6. Nbd2 c6 7. a3 a5 8. O-O O-O
9. Ne5 Nbd7 10. f4 Qe8 11. h3 Kh8 12. g4 fxg4 13. hxg4 Nxe5 14. dxe5 Ne4 15.
Nxe4 dxe4 16. g5 h6 17. Rf2 hxg5 18. Qf1 gxf4 19. Rh2+ Kg8 20. Qh3 Qg6+ 21. Kh1
f3 22. Bd2 fxe2 23. Rxe2 Qh6 24. Qxh6 gxh6 25. Rg1+ Kh7 26. Reg2 Bg5 27. Rh2
Kg6 28. Be1 Rf3 29. Bh4 Rxe3 30. Bxg5 hxg5 31. Rh8 Rf3 32. Rg8+ Kf7 33. R1xg5
Ke7 34. Rh8 Rf7 35. Rgg8 Bd7 36. Rxa8 e3 37. Rh2 Rf1+ 38. Kg2 Rf2+ 0-1

[Event "Eastpointe (MI Action/1/7)"]
[Site "?"]
[Date "1993.??.??"]
[Round "?"]
[White "Baze, Lineas"]
[Black "West, Tony"]
[Result "1-0"]
[WhiteElo "2075"]
[BlackElo "1605"]
[PlyCount "69"]
[EventDate "1993.??.??"]

{1/(7)} 1. e4 c5 2. Nf3 Nc6 3. d4 cxd4 4. Nxd4 Nf6 5. Nc3 d6 6. Be2 Bd7 7. O-O
e5 8. Ndb5 Be6 9. Nd5 Rc8 10. Bg5 a6 11. Nbc3 Nd4 12. Bd3 h6 13. Nxf6+ gxf6 14.
Bh4 Rg8 15. Nd5 Be7 16. c3 Nc6 17. Qf3 Bg4 18. Qe3 h5 19. a3 Na5 20. Qh6 Rg6
21. Qh8+ Kd7 22. Qxd8+ Rxd8 23. f3 Bh3 24. Rf2 Nb3 25. Rd1 Rdg8 26. Bf1 Nc5 27.
g3 Bxf1 28. Kxf1 Ne6 29. Rfd2 Bf8 30. Nxf6+ Rxf6 31. Bxf6 Bh6 32. Rxd6+ Kc7 33.
Rd7+ Kb6 34. R1d6+ Ka7 35. Rxf7 1-0

[Event "Eastpointe (MI Action/5/5)"]
[Site "?"]
[Date "1993.??.??"]
[Round "?"]
[White "Baze, Lineas"]
[Black "Smith, Walt"]
[Result "1-0"]
[WhiteElo "2075"]
[BlackElo "1955"]
[PlyCount "91"]
[EventDate "1993.??.??"]

{5/(5)} 1. e4 c5 2. Nf3 Nc6 3. d4 cxd4 4. Nxd4 g6 5. Be2 Bg7 6. Nb3 Nf6 7. Nc3
O-O 8. O-O a5 9. a4 d6 10. Be3 Be6 11. Nd4 Nxd4 12. Bxd4 Rc8 13. f3 Bc4 14. b3
Bxe2 15. Nxe2 Qc7 16. c4 e6 17. Rc1 Rfd8 18. Qd2 e5 19. Be3 Nd7 20. Nc3 Nc5 21.
Qc2 Ne6 22. Nd5 Qd7 23. Nb6 Qc6 24. Nxc8 Rxc8 25. Rfd1 b6 26. Qd3 Bf8 27. Qd5
Qc7 28. g3 Be7 29. Kg2 Rb8 30. Qd2 Qc8 31. Qf2 Nc5 32. Bxc5 bxc5 33. Rd3 f5 34.
Qe1 Ra8 35. Rcd1 Ra6 36. Re3 Bg5 37. Red3 Be7 38. Qe2 Rb6 39. Qd2 fxe4 40. fxe4
Qa8 41. Re1 Rb8 42. Rf3 Rd8 43. Qd5+ Qxd5 44. cxd5 Rb8 45. Rc3 Rb7 46. Rf1 1-0

[Event "Eastpointe (MI Action/3/5)"]
[Site "?"]
[Date "1993.??.??"]
[Round "?"]
[White "Baze, Lineas"]
[Black "Skidmore, Jennifer"]
[Result "1-0"]
[WhiteElo "2075"]
[BlackElo "1905"]
[PlyCount "73"]
[EventDate "1993.??.??"]

{3/(5)} 1. e4 e5 2. Nf3 d6 3. d4 Nf6 4. Nc3 exd4 5. Nxd4 Be7 6. Be2 O-O 7. O-O
Bd7 8. f3 Nc6 9. Be3 Ne5 10. Qe1 a6 11. Rd1 c5 12. Nf5 Bxf5 13. exf5 d5 14. Ne4
b6 15. Bf4 Nc6 16. c3 Qd7 17. g4 Rfe8 18. Qg3 Bd8 19. Bc4 Nxe4 20. fxe4 d4 21.
e5 b5 22. e6 fxe6 23. Bxe6+ Rxe6 24. fxe6 Qxe6 25. Qf3 Rc8 26. Bg3 Bf6 27. a3
dxc3 28. bxc3 Qc4 29. Rd6 Rf8 30. Kg2 Ne7 31. g5 Qxc3 32. gxf6 gxf6 33. Qxc3
Ng6 34. Rdxf6 Re8 35. Rf7 Re2+ 36. Kg1 h5 37. Qg7# 1-0

[Event "East Lansing (MI Op/1a/9)"]
[Site "?"]
[Date "1993.??.??"]
[Round "?"]
[White "Baze, Lineas"]
[Black "Scott, Steven"]
[Result "1/2-1/2"]
[WhiteElo "2085"]
[BlackElo "1915"]
[PlyCount "110"]
[EventDate "1993.??.??"]

1. e4 c5 2. Nf3 d6 3. d4 cxd4 4. Nxd4 Nf6 5. Nc3 a6 6. Be2 e6 7. O-O Be7 8. a4
O-O 9. Nb3 Qc7 10. Be3 b6 11. f4 Bb7 12. Bf3 Nbd7 13. Qe2 Nc5 14. Bf2 Rfe8 15.
Nd2 Ncd7 16. g4 Nc5 17. g5 Nfd7 18. h4 Rac8 19. Nd1 Nf8 20. c4 d5 21. cxd5 exd5
22. e5 Nce6 23. Bg3 Nd4 24. Qh2 Nxf3+ 25. Nxf3 Qc2 26. Bf2 Bc5 27. Bxc5 Qxh2+
28. Kxh2 Rxc5 29. Nd4 Rc4 30. Nf5 Rc2+ 31. Rf2 Rxf2+ 32. Nxf2 Ne6 33. Nd6 Re7
34. Nxb7 Rxb7 35. Rc1 g6 36. Ng4 Rb8 37. Nf6+ Kg7 38. Nxd5 Rd8 39. Nxb6 Rd2+
40. Kg3 Rxb2 41. Nd5 Rb3+ 42. Rc3 Rxc3+ 43. Nxc3 Kf8 44. Kf3 Nc5 45. Ke3 Kg7
46. Kd4 Ne6+ 47. Ke4 h5 48. gxh6+ Kxh6 49. f5 gxf5+ 50. Kxf5 Kg7 51. h5 Nc5 52.
Kg5 Ne6+ 53. Kg4 Nc5 54. Kf5 Kh6 55. Ne4 Nxa4 1/2-1/2

[Event "East Lansing (MI Op/5/16)"]
[Site "?"]
[Date "1993.??.??"]
[Round "?"]
[White "Baze, Lineas"]
[Black "Kamberi, Sonny"]
[Result "1-0"]
[WhiteElo "2085"]
[BlackElo "1900"]
[PlyCount "99"]
[EventDate "1993.??.??"]

{5/(16)} 1. e4 e6 2. d4 d5 3. Nc3 Nf6 4. Bg5 Be7 5. e5 Nfd7 6. Bxe7 Qxe7 7. Nf3
O-O 8. Be2 c5 9. dxc5 Nc6 10. O-O Qxc5 11. Bd3 f6 12. exf6 Nxf6 13. Re1 Bd7 14.
Ng5 e5 15. Nxd5 Nxd5 16. Bxh7+ Kh8 17. Ne4 Qe7 18. Qxd5 Kxh7 19. Ng5+ Qxg5 20.
Qxd7 Qf5 21. Qxb7 Qxf2+ 22. Kh1 Nd4 23. Qe4+ Qf5 24. Qh4+ Kg8 25. Rad1 Rac8 26.
c3 Nc2 27. Rg1 Ne3 28. Rde1 Ng4 29. h3 Nf2+ 30. Kh2 Rc6 31. Qg3 Qf4 32. Rxe5
Ng4+ 33. hxg4 Rh6+ 34. Rh5 Rxh5+ 35. gxh5 Qh6 36. Qg6 Qf4+ 37. g3 Qb8 38. Rg2
Rf6 39. Qg5 Qd8 40. Qe5 Qd1 41. Qe2 Qd5 42. c4 Qa5 43. b3 Rh6 44. g4 Qc7+ 45.
Kg1 Qb6+ 46. Qf2 Qb4 47. Qe2 Qc5+ 48. Rf2 Qg5 49. Qe8+ Kh7 50. Qe4+ 1-0

[Event "East Lansing (MI Op/2/20)"]
[Site "?"]
[Date "1993.??.??"]
[Round "?"]
[White "Baze, Lineas"]
[Black "Haakonstad, Olaf"]
[Result "0-1"]
[WhiteElo "2085"]
[BlackElo "1825"]
[PlyCount "94"]
[EventDate "1993.??.??"]

{2/(20)} 1. c4 Nf6 2. Nc3 e6 3. e4 d5 4. e5 d4 5. exf6 dxc3 6. bxc3 Qxf6 7. Nf3
c5 8. d4 h6 9. Be2 Be7 10. O-O O-O 11. Be3 Nc6 12. d5 Rd8 13. Qb3 Na5 14. Qb5
b6 15. Rfd1 Bd7 16. Qb2 Ba4 17. Rd2 e5 18. h3 Bd6 19. Nh2 Bd7 20. f3 e4 21. Rf1
Qg6 22. g4 Re8 23. f4 f5 24. Rf2 Qf6 25. Qc1 Qh4 26. Nf1 fxg4 27. hxg4 Bxg4 28.
Rh2 Bh3 29. Bf2 Qxf4 30. Rxh3 Re5 31. Bg3 Rg5 32. Rc2 Qf5 33. Kg2 Rf8 34. Qe3
Bf4 35. Qg1 e3 36. Rb2 Nxc4 37. Bxc4 Qe4+ 38. Kh2 Bxg3+ 39. Nxg3 Qxc4 40. Qxe3
Qxd5 41. Rd2 Re5 42. c4 Qe6 43. Qd3 Qg4 44. Rg2 Qf4 45. Re2 Ref5 46. Qe4 Qd6
47. Kg2 R5f7 $138 0-1

[Event "Troy (TCC/A/3/7)"]
[Site "?"]
[Date "1993.??.??"]
[Round "?"]
[White "Bauerle, Paul"]
[Black "Manion, Tom"]
[Result "1/2-1/2"]
[WhiteElo "1940"]
[BlackElo "1835"]
[PlyCount "41"]
[EventDate "1993.??.??"]

{3/(7)} 1. d4 f5 2. c4 g6 3. Nc3 Bg7 4. Nf3 d6 5. g3 Nf6 6. Bg2 c6 7. O-O O-O
8. d5 Bd7 9. Nd4 cxd5 10. cxd5 Na6 11. Rb1 Nc5 12. b4 Nce4 13. Bb2 Rc8 14. Rc1
Qb6 15. a3 Nxf2 16. Rxf2 Ng4 17. Rf4 g5 18. Rxg4 fxg4 19. e3 Rc4 20. Ne4 Rxc1
21. Qxc1 1/2-1/2